Reprezentacja Norwegii w skokach narciarskich. - Statystyki

Ogólne statystyki
  • Ten quiz został rozwiązany 265 razy
  • Średni wynik to 5 z 6
Statystyki odpowiedzi
Obrazkowy Odpowiedź % Poprawnych
Robert Johansson
99%
Marius Lindvik
89%
Daniel-Andre Tande
87%
Johann Andre Forfang
80%
Anders Fannemel
64%
Thomas Aasen Markeng
33%
Nie znaleziono quizów pasujących do podanych kryteriów
Rozkład punktacji
Procent ludzi z każdym wynikiem
Percentyl według liczby udzielonych odpowiedzi
Twoja historia wyników
Nie rozwiązałeś tego quizu